Quiz sur le 4ème arrondissement de Lyon - Statistiques

Statistiques générales
  • Ce quiz a été pris 29 fois
  • Le résultat moyen est 8 sur 11
Statistiques - réponses
Hint Réponse % Correct
Nom de la colline sur laquelle est situé l'arrondissement Croix-Rousse
100%
Nom donné à ces ouvriers Canuts
96%
Il a lieu tous les jours du mardi au dimanche sur la place et le boulevard de la Croix-Rousse Marché alimentaire
92%
Fête foraine qui a lieu tous les ans à l'automne Vogue des Marrons
92%
Lycée portant le nom d'un écrivain et aviateur lyonnais Lycée Saint-Exupéry
85%
Cette industrie historique nécessite l'usage d'un métier à tisser Soie
77%
En opposition à celle de Fourvière, on dit que cette colline est la colline qui _________ Colline qui travaille
58%
Nom donnée aux soulèvements ouvriers ayant eu lieu en 1831 et 1834 Révolte des Canuts
46%
Longue artère commerçante où s'organise la grande braderie Grande rue de la Croix-Rousse
35%
Trompe-l'œil représentant l'architecture de la Croix-Rousse Mur des Canuts
35%
Parc qui descend sur les quais de Saône Parc de la Cerisaie
35%
Aucun quiz correspondant
Distribution des résultats
% des personnes avec chaque résultat
Percentile par nombre de réponses
Votre historique - résultats
Vous n’avez pas pris ce quiz